000 00678nam a22002057a 4500
999 _c7538
_d7538
003 AR-CdUCM
008 190320b ||||| |||| 00| 0 spa d
040 _aMUNICIPALIDAD PROVINCIAL DEL CUSCO
_cBIBLIOTECA MUNICIPAL DEL CUSCO
082 _a914.7 /
_bM26
100 _aFroment Meurice, Gabrielle
_921276
245 _aLa vida Soviética /
260 _aBarcelona :
_bOikos.tau,
_c1972.
300 _a109 páginas ;
_c18 cm.
440 _a¿que es?
_n68
_921277
505 _aVida económica -- La jornada de la semana -- El año -- La vida individual...
650 _aSociedad Soviética.
_98001
650 _aCultura Soviética.
_921278
942 _2ddc
_cLIBROS
945 _awfj